| 000 | 00446cam a2200193ua 4500 | ||
|---|---|---|---|
| 020 | _c5.00 | ||
| 041 |
_ahin _h |
||
| 082 |
_a891.54 _bJAY/KA |
||
| 100 | _aJayashankar prasad, . | ||
| 245 |
_aKankal / _cJayashankar prasad. _hTextual Documents |
||
| 250 |
_a10 / _b. |
||
| 260 |
_a : _bBharath bhandar , _c1976. |
||
| 300 | _a278 ; . | ||
| 365 | _a5.00 | ||
| 504 | _a | ||
| 942 | _cBK | ||
| 999 |
_c3748 _d3748 |
||